Visualizzazione normale
Vista MARC
- Haydn Franz Joseph
di Personal Name
Records bibliografici associati: 1
001 - CONTROL NUMBER
- control field: 30336
003 - CONTROL NUMBER IDENTIFIER
- control field: IT-RoPau
005 - DATE AND TIME OF LATEST TRANSACTION
- control field: 20140618084703.0
008 - FIXED-LENGTH DATA ELEMENTS
- fixed length control field: 140618|| aca||aabn | a|a d
040 ## - CATALOGING SOURCE
- Original cataloging agency: IT-RoPau
- Transcribing agency: IT-RoPau
100 ## - HEADING--PERSONAL NAME
- Personal name: Haydn Franz Joseph
670 ## - SOURCE DATA FOUND
- Source citation: Work cat.: (IT-RoPau)103599: Haydn Franz Joseph, Sinfonie n. 30 e 45 - concerto per tromba- Fantasia per fortepiano